| 000 | 00353nam a2200133Ia 4500 | ||
|---|---|---|---|
| 005 | 20260328104309.0 | ||
| 008 | 260328s9999||||xx |||||||||||||| ||und|| | ||
| 100 | _aPiano, Renzo | ||
| 245 | 0 |
_aRenzo Piano, The Complete LogBook 1966-2016 / _cRenzo Piano |
|
| 260 | _bThames & Hudson | ||
| 300 | _a418 p. | ||
| 650 | _aRENZO, PIANO ( 1937) | ||
| 942 | _cBK | ||
| 999 |
_c10892 _d10892 |
||